The power of now : a guide to spiritual enlightenment
| Main Author: | |
|---|---|
| Format: | Book |
| Language: | English |
| Published: |
London ,
Hodder & Stoughton , 2005
|
| Subjects: |
MARC
| LEADER | 00000cam a2200000 7i4500 | ||
|---|---|---|---|
| 001 | 0000020554 | ||
| 005 | 20090224.0 | ||
| 008 | 090217 -uk# eng | ||
| 020 | |a 9780340733509 | ||
| 040 | |a INS | ||
| 090 | 0 | 0 | |a BL624 |b T64 1999 |
| 100 | 1 | |a Tolle, Eckhart | |
| 245 | 1 | 4 | |a The power of now : |b a guide to spiritual enlightenment |c Eckhart Tolle |
| 260 | |a London , |c Hodder & Stoughton , |c 2005 | ||
| 300 | |a 191p. : |b 20cm | ||
| 650 | 0 | |a Spritual life | |
| 999 | |a 0000020553 |b BOOK |c Open Shelf |e Default branch | ||